000 00646cam a22002413a 4500
001 21798
003 PGUSA
005 20140828083450.0
008 070412s2007||||xxu|||||s|||||000 1 eng d
040 _aPGUSA
_beng
042 _adc
050 4 _aPT
100 1 _aMay, Karl,
_d1842-1912
245 1 0 _aWinnetou I
_h[electronic resource] /
_cKarl May
260 _bProject Gutenberg,
_c2007
506 _aPublic domain in the USA.
516 _aElectronic text
653 _aHistorical fiction
653 _aApache Indians -- Fiction
830 0 _aProject Gutenberg
_v21798
856 4 0 _uhttp://www.gutenberg.org/ebooks/21798
942 _cEB
999 _c251053
_d251053